ბათუმის შოთა რუსთაველის სახელმწიფო უნივერსიტეტის ბიბლიოთეკა

Tour Operation Management / (ბიბ.ჩანაწერი № 45130)

000 -LEADER
fixed length control field 00713nam a2200241Ia 4500
001 - CONTROL NUMBER
control field 11953
003 - CONTROL NUMBER IDENTIFIER
control field GE_BSU
005 - DATE AND TIME OF LATEST TRANSACTION
control field 20211108132052.0
008 - FIXED-LENGTH DATA ELEMENTS--GENERAL INFORMATION
fixed length control field 181216s2009||||enk|||||||||||||| ||eng||
020 ## - INTERNATIONAL STANDARD BOOK NUMBER
International Standard Book Number 9788190860550
040 ## - CATALOGING SOURCE
Transcribing agency GE_BSU
041 ## - LANGUAGE CODE
Language code of text/sound track or separate title eng
080 ## - UNIVERSAL DECIMAL CLASSIFICATION NUMBER
Universal Decimal Classification number 658 C-43
100 ## - MAIN ENTRY--PERSONAL NAME
Personal name Chauhan, Ravee
9 (RLIN) 12857
245 ## - TITLE STATEMENT
Title Tour Operation Management /
Statement of responsibility, etc. Ravee Chauhan.
250 ## - EDITION STATEMENT
Edition statement First edition
264 ## - PRODUCTION, PUBLICATION, DISTRIBUTION, MANUFACTURE, AND COPYRIGHT NOTICE
Place of production, publication, distribution, manufacture Delhi, DEL, India :
Name of producer, publisher, distributor, manufacturer Vista International Publishing Hous,
Date of production, publication, distribution, manufacture, or copyright notice 2009.
300 ## - PHYSICAL DESCRIPTION
Extent 272 p.
Other physical details 22 cm.
653 ## - INDEX TERM--UNCONTROLLED
keyword Tour operation Management
653 ## - INDEX TERM--UNCONTROLLED
keyword ტურიზმი
653 ## - INDEX TERM--UNCONTROLLED
keyword ტურის ოპერაციების მენეჯმენტი
942 ## - ADDED ENTRY ELEMENTS (KOHA)
Koha item type წიგნი
Source of classification or shelving scheme
ეგზემპლარები
Withdrawn status Lost status Source of classification or shelving scheme Damaged status Not for loan Permanent Location Current Location Shelving location Date acquired Cost, normal purchase price Full call number Barcode Date last seen Copy number Price effective from Koha item type Public note
          ბათუმის შოთა რუსთაველის სახელმწიფო უნივერსიტეტის მთავარი ბიბლიოთეკა ბათუმის შოთა რუსთაველის სახელმწიფო უნივერსიტეტის მთავარი ბიბლიოთეკა წიგნსაცავი 2018-12-17 55.00 658 C-43 35946 2018-12-17 35946 2018-12-17 წიგნი 55 ლ.